Music Quiz

Random Music or Song Quiz
Score 0/8 Timer 02:00
1 Play Today
Year Record % Correct
2008Rehab
77.3%
2017Hello
74.6%
2000Smooth
68.7%
2004Clocks
51.6%
1992Unforgettable
51.2%
1981Sailing
48.2%
1988Graceland
45%
1983Rosanna
39.1%
Come Together.
Have Fun.
All Virtual.
We all need to come together. Play Sporcle's virtual live trivia to have fun, connect with people, and get your trivia on. Join a live hosted trivia game for your favorite pub trivia experience done virtually. If a virtual private party is more your thing, go here for details.

You're not logged in!

Compare scores with friends on all Sporcle quizzes.
OR
Log In

Sporcle TV

Today on Sporcle TV


Watch our educational content, quiz creation guides, and fun videos on Sporcle TV.

Show Comments

Extras

Top Quizzes Today


Score Distribution

Paid Content

Your Account Isn't Verified!

In order to create a playlist on Sporcle, you need to verify the email address you used during registration. Go to your Sporcle Settings to finish the process.

Report this User

Report this user for behavior that violates our Community Guidelines.

Details: